00318nam a2200121Ia 4500008004100000041000800041082001400049100001600063245004400079260003500123300003100158365000700189240624s9999 xx 000 0 und d aeng a158.1 MAX aMAXEY CYNDI aITS YOUR MOVE DEALING YOURSELF THE BEST c2005aDelhibPearson Education avii, : 264 : p. : cm. ; 24 cRS